000 00702nam a22002297a 4500
005 20170124105927.0
010 _aA-707145
020 _c00.00
_a8172400525
035 _aA-707145
037 _bCen Lib/Ret
040 _aDPL
_bEN
082 _a382
_bPAR
100 _aParthasarathy,N.
_96890
245 _aThe Indian businessman,s guide to Africa /
_cby N.Parthasarathy ...[et al.]
260 _a Delhi
_bGlobal business press
_c1994
270 _a18-19,Dilshad Garden,G.T. road
_b Delhi
_e110095
300 _axii,407p.
_c24cm(Hb)
650 _aCommerce
_973308
650 _aBusiness information
_96891
700 _aParthasarathy,N.
_96890
942 _2ddc
_cEN
_h382
_mPAR
999 _c123563
_d123563